000 02675cam a2200277 4500500
005 20260111094710.0
041 _afre
042 _adc
100 1 0 _aFossier, Robert
_eauthor
245 0 0 _aMaisnières : vie et mort d'une « commune »
260 _c2014.
500 _a92
520 _aDans cet article posthume, Robert Fossier, disparu en 2012, présente les conditions dans lesquelles une commune rurale est brièvement apparue à Maisnières, dans le Vimeu, au xiiie siècle. Profitant d’un repli temporaire des autorités politiques, des membres de l’élite locale semblent avoir réussi à instituer une forme limitée d’auto-gouvernement, voire de co-seigneurie. Un conflit né avec l’un des seigneurs légitimes, l’abbé de Saint-Valéry-sur-Somme, provoque sa disparition après un procès mené par des juges délégués par le pape. L’article éclaire le contexte social et politique de cet événement..
520 _aIn this posthumous paper, Robert Fossier, who left us in 2012, presents the conditions under which a rural commune briefly appeared in Maisnières, in the Vimeu area, during the thirteenth century. Members of the local elite seem to have taken advantage of a temporary weakening of political authorities and succeeded in setting up a limited form of self-government, or even of co-seigniorage. A clash with one of its legitimate lords, the abbott of Saint-Valery-sur-Somme, brought about its disappearance after a trial conducted by judge delegates sent by the Pope. The paper throws light on the social and political context of this event.
520 _aEn este trabajo póstumo, Robert Fossier, desaparecido en 2012, presenta las condiciones de la breve aparición de una comunidad rural en Maisnières, en la comarca de Vimeu (Picardía), en el siglo xiii. Aprovechando una debilidad temporal de las autoridades políticas, algunos miembros de la elite local parecen haber conseguido una forma limitada de auto-gobierno, y hasta de señorío compartido. Un conflicto con uno de los señores legítimos, el abad de Saint-Valéry-sur-Somme, causó su desaparición, después de un pleito conducido por jueces nombrados por el papa. El artículo aclara el contexto social y político de este acontecimiento.
690 _acommune
690 _aMoyen Âge
690 _aseigneurie
690 _aVimeu
690 _acommune
690 _aMiddle Ages
690 _aseigniory
690 _aVimeu
786 0 _nHistoire & Sociétés Rurales | 41 | 1 | 2014-07-01 | p. 7-15 | 1254-728X
856 4 1 _uhttps://shs.cairn.info/revue-histoire-et-societes-rurales-2014-1-page-7?lang=fr&redirect-ssocas=7080
999 _c1629117
_d1629117